Introduction to instrumentation, sensors, and process control (Record no. 8721)
[ view plain ]
| 000 -LEADER | |
|---|---|
| fixed length control field | 00533 a2200193 4500 |
| 020 ## - INTERNATIONAL STANDARD BOOK NUMBER | |
| International Standard Book Number | 1-58053-011-7 |
| 035 ## - SYSTEM CONTROL NUMBER | |
| System control number | (Uk)013279508 |
| 040 ## - CATALOGING SOURCE | |
| Original cataloging agency | DLC |
| Language of cataloging | DLC |
| 082 00 - DEWEY DECIMAL CLASSIFICATION NUMBER | |
| Classification number | 681.2 |
| 100 1# - MAIN ENTRY--PERSONAL NAME | |
| Personal name | Dunn, William C. |
| 245 10 - TITLE STATEMENT | |
| Title | Introduction to instrumentation, sensors, and process control |
| Statement of responsibility, etc. | William C. Dunn |
| 260 ## - PUBLICATION, DISTRIBUTION, ETC. | |
| Place of publication, distribution, etc. | Boston, MA ; |
| -- | London : |
| Name of publisher, distributor, etc. | Artech House, |
| Date of publication, distribution, etc. | cop. 2006 |
| 300 ## - PHYSICAL DESCRIPTION | |
| Extent | 331 s. |
| 650 #7 - SUBJECT ADDED ENTRY--TOPICAL TERM | |
| Topical term or geographic name entry element | Processtyrning |
| 650 #7 - SUBJECT ADDED ENTRY--TOPICAL TERM | |
| Topical term or geographic name entry element | Process control |
| 650 #7 - SUBJECT ADDED ENTRY--TOPICAL TERM | |
| Topical term or geographic name entry element | Detectors |
| 650 #7 - SUBJECT ADDED ENTRY--TOPICAL TERM | |
| Topical term or geographic name entry element | Process control |
| 942 ## - ADDED ENTRY ELEMENTS (KOHA) | |
| Koha item type | Book |
| Call number prefix | 681.2 DUN |
| Source of classification or shelving scheme | |
| Withdrawn status | Lost status | Damaged status | Not for loan | Collection code | Permanent Location | Current Location | Shelving location | Date acquired | Source of acquisition | Cost, normal purchase price | Total Checkouts | Full call number | Barcode | Date last seen | Date last checked out | Price effective from | Koha item type |
|---|---|---|---|---|---|---|---|---|---|---|---|---|---|---|---|---|---|
| Central Library (CL) | Central Library (CL) | General Stacks | 06/03/2006 | A&J DEF Tek Consultant | 8319.00 | 1 | 681.2 DUN | SEECS007397 | 06/24/2014 | 02/12/2014 | 01/05/2017 | Book |
